The women of Paris and their French Revolution
Αποθηκεύτηκε σε:
| Κύριος συγγραφέας: | |
|---|---|
| Άλλοι συγγραφείς: | |
| Μορφή: | Βιβλίο |
| Γλώσσα: | English French |
| Δημοσίευση: |
Berkeley :
University of California Press,
c1998.
|
| Σειρά: | Studies on the history of society and culture ;
26 |
| Θέματα: | |
| Ετικέτες: |
Προσθήκη ετικέτας
Δεν υπάρχουν, Καταχωρήστε ετικέτα πρώτοι!
|
MARC
| LEADER | 00000cam a2200000 i 4500 | ||
|---|---|---|---|
| 001 | 1/79557 | ||
| 008 | 050629s1998 cau| ||| |||| ||eng|| | ||
| 020 | |a 0520067193 | ||
| 035 | |l 10078785 | ||
| 040 | |a GR-MyUA |b gre |e AACR2 | ||
| 041 | 1 | |a eng |h fre | |
| 082 | 0 | |a 944.36104082 |2 (22) | |
| 100 | 1 | |a Godineau, Dominique. | |
| 245 | 1 | 4 | |a The women of Paris and their French Revolution / |c Dominique Godineau ; translated by Katherine Streip. |
| 260 | |a Berkeley : |b University of California Press, |c c1998. | ||
| 300 | |a xxii, 415 σ. : |b εικ., χάρτ. ; |c 24 εκ. | ||
| 490 | 1 | |a (Studies on the history of society and culture |v ; 26) | |
| 500 | |a Μετάφραση από τα γαλλικά | ||
| 500 | |a Τίτλος πρωτοτύπου: Les femmes du peuple a Paris pendant la revolution francaise. | ||
| 504 | |a Περιέχει βιβλιογραφία και ευρετήριο. | ||
| 650 | 0 | 0 | |a Working class women |z France |z Paris |x History |y 18th century. |
| 650 | 0 | 0 | |a Women |z France |z Paris |x Social conditions. |
| 650 | 0 | 0 | |a Women in public life |z France |z Paris |x History |y 18th century. |
| 651 | 0 | |a Paris (France) |x History |y 1789-1799 |x Women. | |
| 700 | 1 | |a Streip, Katherine, |e trlf | |
| 830 | 0 | |a Studies on the history of society and culture ; |v 26 | |
| 852 | |a INST |b LESVOS |e 20050629 |h 944.36104082 GOD |p 005100032232 |q 005100032232 |t BK |y 0 | ||
| 901 | |a BIBL1-2005-2 | ||
| 909 | |a Λ |b 121831 | ||
| 920 | |a ΕΠΕΑΕΚ ΠΜΣ ΓΥΝΑΙΚΕΣ KAI ΦΥΛΑ |y Λέσβος |z 2005-06 | ||
| 970 | |a ΚΑΡΑ |b ΓΙΑΣΕΜΗ |z 2005/06/29 | ||